|
|
|
|
| LEADER |
00691nta a2200205 i 4500 |
| 001 |
dokt8490 |
| 005 |
20221111120048.0 |
| 008 |
221111s1972 hu om 0|| hun d |
| 040 |
|
|
|a SZTE Doktori Repozitórium
|b hun
|
| 041 |
|
|
|a hun
|
| 100 |
1 |
|
|a István László
|
| 245 |
1 |
0 |
|a Kéntartalmú pregnánszármazékok készítése és vizsgálata
|h [elektronikus dokumentum] /
|c István László
|
| 260 |
|
|
|c 1972
|
| 502 |
|
|
|a Disszertacio
|
| 650 |
|
4 |
|a kémiai tudományok
|
| 650 |
|
4 |
|a Természettudományok
|
| 650 |
|
4 |
|a Kémiai tudományok
|
| 695 |
|
|
|a Kémia
|
| 700 |
1 |
|
|a Kovács Kálmán
|e ths
|
| 856 |
4 |
0 |
|u https://doktori.bibl.u-szeged.hu/id/eprint/8490/1/1972_istvan_laszlo.pdf
|z Dokumentum-elérés
|